000 00343nam a2200133Ia 4500
005 20260326235450.0
008 260326s9999||||xx |||||||||||||| ||und||
100 _aMasao Kamita, Joao
245 0 _aVilanova Artigas :
_b Espacios de Arte /
_cJoao Masao Kamita
260 _bCosac Naify
300 _a127 p.
650 _aARQUITECTOS
942 _cBK
999 _c7741
_d7741